Countries that borders Ethiopia by their official names. - Statistics

General Stats
  • This quiz has been taken 5 times
  • The average score is 4 of 6
Answer Stats
Country % Correct
Republic of Djibouti
100%
Federal Republic of Somalia
60%
Republic of Kenya
60%
Republic of South Sudan
60%
Republic of the Sudan
40%
State of Eritrea
40%
No matching quizzes found
Score Distribution
Percent of People with Each Score
Percentile by Number Answered
Your Score History
You have not taken this quiz